Otázky globalizace a snížení dluhů
Závery zasadnutia MMF/SB, ktoré sa uskutočnilo v dňoch 26.- 28. 9. 2000 v Prahe. Svetové prognózy MMF.
Salvato in:
| Autore principale: | |
|---|---|
| Natura: | Capitolo di libro |
| Lingua: | ceco |
| Soggetti: | |
| Tags: |
Nessun Tag, puoi essere il primo ad aggiungerne!!
|
MARC
| LEADER | 00000naa a2200000 4500 | ||
|---|---|---|---|
| 001 | r040096 | ||
| 005 | 20230927120812.7 | ||
| 041 | 0 | |a cze | |
| 044 | |a CZ | ||
| 245 | 1 | 0 | |a Otázky globalizace a snížení dluhů |c Jana Křelinová |
| 520 | |a Závery zasadnutia MMF/SB, ktoré sa uskutočnilo v dňoch 26.- 28. 9. 2000 v Prahe. Svetové prognózy MMF. | ||
| 610 | 2 | 0 | |a Medzinárodný menový fond |
| 610 | 2 | 0 | |a prognózy hospodárske medzinárodné |
| 610 | 2 | 0 | |a pomoc finančná |
| 610 | 2 | 0 | |a krajiny rozvojové |
| 610 | 2 | 0 | |a krajiny vyspelé |
| 610 | 2 | 0 | |a Svetová banka |
| 100 | 1 | |a Křelinová, Jana | |